000 00279nam a22001337a 4500
008 170622b xxu||||| |||| 00| 0 eng d
020 _a0618184163
041 _aeng
080 _a32
100 _a21
101 _aSHP
245 _aTHE AMERICANS
_cLITTELL, M
942 _2udc
_cBK
999 _c18782
_d18782